Statystyki dla Wymień wszystkich rywali Wiewióra.

Kliknij tutaj aby rozwiązać quiz!

Ogólne statystyki

  • Ten quiz został rozwiązany 11 razy
  • Średni wynik to 5 z 7

Statystyki odpowiedzi

Wygrana/PrzegranaRywal% Poprawnych
WygranaFerrari
89%
WygranaPolak
89%
PrzegranaAlan Kwieciński
67%
PrzegranaHandke
67%
WygranaHassi
56%
WygranaHassi
56%
WygranaKrycha
56%

Rozkład punktacji

Percentyl według liczby udzielonych odpowiedzi

Procent ludzi z każdym wynikiem

Twoja historia wyników

Nie rozwiązałeś tego quizu